Live Cinema and its Techniques (Record no. 4315)

MARC details
000 -LEADER
fixed length control field 00421nam a22001457a 4500
008 - FIXED-LENGTH DATA ELEMENTS--GENERAL INFORMATION
fixed length control field 250716b |||||||| |||| 00| 0 eng d
020 ## - INTERNATIONAL STANDARD BOOK NUMBER
ISBN 9781631493669
100 ## - MAIN ENTRY--AUTHOR
Author Coppola Francis Ford
245 ## - TITLE STATEMENT
Title Live Cinema and its Techniques
260 ## - PUBLICATION, DISTRIBUTION, ETC. (IMPRINT)
Place of publication New York
Name of publisher Liveright Publishing Corporation
Date of publication 2017
300 ## - COLLATION
Pagination xiii, 210p.
Other physical details ill.
650 ## - TRACINGS
Main Subject Cinema
Subdivision (1st) Special Photographic processes
942 ## - ADDED ENTRY ELEMENTS (KOHA)
Item type Books
050 ## - LIBRARY OF CONGRESS CALL NUMBER
Classification number TR852
Item number .C67
Holdings
Source of classification or shelving scheme Not for loan Permanent location Current location Date acquired Accession No. Full call number Barcode. Koha item type
Library of Congress Classification   Engineering Library Engineering Library 07/16/2025 2024/62261 TR852.C67 2025-3083 Books